All Freddie Gibbs Songs - Statistics

General Stats
  • This quiz has been taken 97 times
    72 since last reset
  • The average score is 42 of 427
Answer Stats
Album Song % Correct
Baby Face Killa F**k Them N***az
81%
Piñata Sh*tsville
77%
Piñata Piñata
75%
Piñata | Thuggin' Thuggin'
75%
Alfredo 1985
72%
Thuggin' Deep
70%
Deeper | Piñata Deeper
68%
Alfredo Something to Rap About
66%
Bandana Crime Pays
60%
Piñata High
60%
Alfredo Scottie Beam
60%
Piñata | Shame Shame
58%
Alfredo Babies & Fools
57%
Piñata Lakers
57%
Piñata Robes
55%
Alfredo Frank Lucas
53%
Piñata Knicks
53%
Piñata Uno
53%
Bandana Education
51%
Alfredo God Is Perfect
51%
Bandana Giannis
49%
Alfredo All Glass
47%
Bandana Palmolive
47%
Alfredo Baby Sh*t
45%
Big Bizness Vol. 3 Freestyle
45%
Deeper Harold's
45%
Piñata Scarface
45%
Alfredo Skinny Suge
45%
Bandana Freestyle Sh*t
43%
Piñata Bomb
42%
Bandana Fake Names
42%
Alfredo Look at Me
42%
Bandana Half Manne Half Cocaine
40%
Bandana Flat Tummy Tea
38%
Piñata Supplier
38%
Bandana Obrigado
36%
Piñata Watts
36%
Bandana Massage Seats
34%
Bandana Practice
34%
Piñata Real
34%
Bandana Soul Right
34%
Big Bizness Vol. 3 The Real
34%
Piñata Broken
32%
Bandana Cataracts
32%
Big Bizness Vol. 3 F.R.E.D.D.I.E.
32%
Bandana Situations
28%
Bandana Gat Damn
26%
Big Bizness Vol. 2 | Big Bizness Vol. 3 | Lord Giveth, Lord Taketh Away | This Is My Hustle Intro
25%
Single #4 Gang Signs
23%
Pronto Pronto
23%
You Only Live 2wice 20 Karat Jesus
21%
You Only Live 2wice Alexys
19%
Single #5 Big Boss Rabbit
19%
Single #7 Ice Cream
19%
Freddie Automatic
17%
$oul $old $eparately Couldn't Be Done
17%
$oul $old $eparately Dark Hearted
17%
Big Bizness Vol. 3 Gangsta
17%
You Only Live 2wice Phone Lit
17%
$oul $old $eparately Space Rabbit
17%
$oul $old $eparately Too Much
17%
You Only Live 2wice Amnesia
15%
$oul $old $eparately Blackest in the Room
15%
You Only Live 2wice Dear Maria
15%
Freddie Death Row
15%
$oul $old $eparately Gold Rings
15%
Live from Gary, Indiana Outro
15%
$oul $old $eparately PYS
15%
You Only Live 2wice Andrea
13%
You Only Live 2wice Crushed Glass
13%
You Only Live 2wice Homesick
13%
Lord Giveth, Lord Taketh Away Lord Giveth, Lord Taketh Away
13%
Cold Day in Hell Str8 Slammin'
13%
$oul $old $eparately Zipper Bagz
13%
Single #3 4 Thangs
11%
Single #6 Black Illuminati
11%
$oul $old $eparately Decoded
11%
$oul $old $eparately Feel No Pain
11%
Shadow of a Doubt Forever and a Day
11%
Fetti Location Remote
11%
Cold Day in Hell Natural High (Even Higher Learning)
11%
$oul $old $eparately Pain & Strife
11%
$oul $old $eparately Rabbit Vision
11%
Fetti Saturday Night Special
11%
Fetti Tapatio
11%
Shame Terrorist
11%
Fetti Willie Lloyd
11%
Big Bizness Vol. 3 You
11%
Freddie 2 Legit
9%
Shadow of a Doubt Basketball Wives
9%
Baby Face Killa BFK
9%
Baby Face Killa Breaking Bad
9%
$oul $old $eparately CIA
9%
Pronto Diamonds
9%
Freddie FLFM (Interlude)
9%
Live from Gary, Indiana Live from Gary, Indiana
9%
Midwestgangstaboxframecadillacmuzik Midwest Malcolm (Intro)
9%
ESGN One Eighty Seven
9%
Freddie Set Set
9%
Freddie Weight
9%
Cold Day in Hell B.A.N.ned
8%
Midwestgangstaboxframecadillacmuzik Boxframe Cadillac
8%
Freddie Diamonds 2
8%
Shadow of a Doubt Extradite
8%
Freddie FBC
8%
Shadow of a Doubt F**kin' Up the Count
8%
Shadow of a Doubt Freddie Gordy
8%
ESGN Freddie Soprano
8%
Full Metal Jackit Vol. 2 | This Is My Hustle Freestyle #2
8%
Full Metal Jackit Vol. 2 | This Is My Hustle Freestyle #3
8%
Full Metal Jackit Vol. 2 Freestyle #4
8%
$oul $old $eparately Grandma's Stove
8%
$oul $old $eparately Lobster Omelette
8%
Shadow of a Doubt McDuck
8%
Cold Day in Hell Menace II Society
8%
Fetti New Thangs
8%
Fetti Now & Later Gators
8%
Str8 Killa No Filla Serve or Get Served (Interlude)
8%
Baby Face Killa Still Livin'
8%
Str8 Killa No Filla Str8 Killa No Filla
8%
Fetti The Blow
8%
Deeper The Long Walk Home
8%
Freddie Triple Threat
8%
Shadow of a Doubt 10 Chickens
6%
Str8 Slammin' 3 187 Proof
6%
Lord Giveth, Lord Taketh Away Affiliated
6%
Fetti Bundy & Sincere
6%
ESGN Dope in My Styrofoam
6%
ESGN F.A.M.E.
6%
Full Metal Jackit Vol. 2 | This Is My Hustle Freestyle #1
6%
Full Metal Jackit Vol. 2 GIBBS
6%
Midwestgangstaboxframecadillacmuzik Higher Learning
6%
Shadow of a Doubt Insecurities
6%
ESGN Lil' Sodi
6%
Shadow of a Doubt Mexico
6%
Cold Day in Hell My Dawgz
6%
Cold Day in Hell My Homeboy's Girlfriend
6%
Shadow of a Doubt Narcos
6%
Lord Giveth, Lord Taketh Away Rap Money
6%
Shadow of a Doubt Rearview
6%
Thuggin' Riot Call
6%
ESGN The Color Purple
6%
Baby Face Killa The Hard
6%
Freddie Toe Tag
6%
Cold Day in Hell Twos and Fews
6%
Deeper Ups and Downs
6%
Pronto White Range
6%
Lord Giveth, Lord Taketh Away Wild Style
6%
Shadow of a Doubt 10 Times
4%
ESGN 9mm
4%
Lord Giveth, Lord Taketh Away Already
4%
Cold Day in Hell Anything 2 Survive
4%
Cold Day in Hell Barely M.A.D.E. It
4%
Midwestgangstaboxframecadillacmuzik Bussdown
4%
ESGN Certified Live
4%
Shadow of a Doubt Cold Ass N***a
4%
Thuggin' Cold on the Blvd
4%
Gangsta Island Crazy
4%
ESGN D.O.A.
4%
ESGN Eastside Moonwalker
4%
The Miseducation of Freddie Gibbs From Tha G (Freestyle #1)
4%
Baby Face Killa Go for It
4%
Cold Day in Hell Heaven Can Wait
4%
Live from Gary, Indiana 2 How We Do
4%
Midwestgangstaboxframecadillacmuzik I'm the Man
4%
Live from Gary, Indiana 2 | Str8 Killa No Filla In My Hood
4%
Midwestgangstaboxframecadillacmuzik Iodine Poison
4%
ESGN I Seen a Man Die
4%
Midwestgangstaboxframecadillacmuzik Just Tryin' Ta Make It
4%
Baby Face Killa Krazy
4%
Shadow of a Doubt Lately
4%
Shame Later That Night
4%
Cold Day in Hell Let 'Em Burn
4%
ESGN Murda Dem
4%
Shadow of a Doubt My Boy
4%
Cold Day in Hell Neighborhood Hoes
4%
F**kin wit Fred OG
4%
Full Metal Jackit Oh Freddie
4%
Midwestgangstaboxframecadillacmuzik One Mo' Time
4%
Baby Face Killa On Me
4%
Shadow of a Doubt Packages
4%
ESGN Paper
4%
Str8 Killa No Filla Personal OG
4%
Str8 Killa No Filla Rep 2 Tha Fullest
4%
Str8 Slammin' 3 Rob Me a N***a
4%
F**kin wit Fred Scottie Pippin
4%
Str8 Killa No Filla Slammin'
4%
Baby Face Killa Stay Down
4%
Midwestgangstaboxframecadillacmuzik Sumthin' U Should Know
4%
Baby Face Killa Tell a Friend
4%
ESGN Ten Packs of Backwoods
4%
Big Bizness Vol. 3 | F**kin wit Fred The Game
4%
Shame The Morning After
4%
Baby Face Killa Walk in Wit the M.O.
4%
Black History Always / Music for the Movement Vol. 2 Winter in America
4%
Midwestgangstaboxframecadillacmuzik Womb 2 the Tomb
4%
Big Bizness Vol. 2 219
2%
Full Metal Jackit Vol. 2 2 Gangsta
2%
Str8 Killa No Filla 4681 Broadway
2%
Big Bizness Vol. 3 4 Da Streets
2%
F**kin wit Fred 4Sho
2%
Gangsta Island 2 AKA Johnny Cane
2%
Big Bizness Vol. 2 All Ya'll Heard of Me
2%
This Is My Hustle Amerikan Idol
2%
F**kin wit Fred Bad Attitude
2%
F**kin wit Fred Bass
2%
Str8 Killa No Filla Best Friend
2%
Live from Gary, Indiana 2 Block Music Freestyle
2%
Big Bizness Vol. 3 Bobble Head
2%
Str8 Killa No Filla Born 2 Roll
2%
Baby Face Killa Bout It Bout It
2%
Live from Gary, Indiana 2 Breakin' Necks
2%
Full Metal Jackit Vol. 2 Breathe Freestyle
2%
Live from Gary, Indiana 2 Bussashot
2%
ESGN Came Up
2%
This Is My Hustle Choice Words from Mr. Gibbs
2%
This Is My Hustle Clean Than a Muthaf**ka
2%
The Miseducation of Freddie Gibbs Close Your Eyes
2%
F**kin wit Fred Cloud of Endo
2%
Gangsta Island 2 | Live from Gary, Indiana 2 Concentration
2%
Str8 Slammin' 2 Contact
2%
Midwestgangstaboxframecadillacmuzik County Bounce
2%
Full Metal Jackit Crackalackin
2%
Str8 Killa No Filla Crushin' Feelin's
2%
Full Metal Jackit Vol. 2 Dead or Alive
2%
Full Metal Jackit Dealing with My Addiction
2%
Live from Gary, Indiana 2 Dees Hoes
2%
This Is My Hustle Definition of "Muthaf**ka"
2%
Live from Gary, Indiana Doin' Dumb Sh*t
2%
This Is My Hustle Do That Dance
2%
Str8 Killa No Filla Do Wrong
2%
Big Bizness Vol. 2 Drinking & Smoking
2%
Live from Gary, Indiana Drugs
2%
Baby Face Killa Every City
2%
Str8 Killa No Filla Face Down
2%
F**kin wit Fred Fallin Out of Place
2%
This Is My Hustle Finger Roll Speaks
2%
Full Metal Jackit Fish and Bread
2%
The Miseducation of Freddie Gibbs Flamboyant
2%
Full Metal Jackit Vol. 2 FMJ #2 Intro
2%
Midwestgangstaboxframecadillacmuzik For My N***as
2%
Gangsta Island 2 Freaky Hoe
2%
Full Metal Jackit Vol. 2 Freddie Gibbs Interview
2%
Full Metal Jackit Vol. 2 Freddie Gibbs Interview 2
2%
Gangsta Island 2 Freddie's Dead
2%
Full Metal Jackit Full Metal Jackit Jump Off
2%
Live from Gary, Indiana Games You Playin'
2%
Gangsta Island 2 Gangland
2%
This Is My Hustle Get Blowed
2%
This Is My Hustle Get Gorilla
2%
Big Bizness Vol. 3 Get Sent Up
2%
This Is My Hustle Gibbs Exclusive
2%
The Miseducation of Freddie Gibbs G.I. Pride
2%
Gangsta Island 2 G.I. Streets
2%
Big Bizness Vol. 3 G.I. Swangin'
2%
Live from Gary, Indiana Give It to 'Em
2%
Gangsta Island 2 Glamorous Life
2%
Full Metal Jackit Go Hard!
2%
The Miseducation of Freddie Gibbs Goodies
2%
Str8 Killa No Filla Goon Sh*t
2%
Full Metal Jackit Hands Up
2%
Live from Gary, Indiana Hard Times
2%
ESGN Have U Seen Her
2%
F**kin wit Fred Heads of Heads
2%
F**kin wit Fred Highway 2 Hell
2%
Live from Gary, Indiana Hoes Betta Recognize
2%
F**kin wit Fred | Midwestgangstaboxframecadillacmuzik How I Feel
2%
ESGN Hundred Thousand
2%
Live from Gary, Indiana 2 I Don't Give a F**k
2%
Full Metal Jackit I Don't Know Your Name
2%
Gangsta Island I'm a G
2%
This Is My Hustle I'm a Hustla
2%
Live from Gary, Indiana I'm a Ridah
2%
Live from Gary, Indiana I'm Back
2%
Gangsta Island 2 I'm Winning
2%
Full Metal Jackit Indiana Flute Freestyle
2%
This Is My Hustle In the Zone
2%
Gangsta Island 2 I Pulled Up...Skirrrt
2%
Gangsta Island 2 Is You wit That
2%
The Miseducation of Freddie Gibbs It's About to Be...........
2%
Gangsta Island 2 It's All Cogna
2%
F**kin wit Fred Jeezy Speaks
2%
F**kin wit Fred Keep Fallin
2%
Full Metal Jackit Vol. 2 Keep It Gutta
2%
Live from Gary, Indiana Keep It Pimpin'
2%
Lord Giveth, Lord Taketh Away Keep It Warm for Ya
2%
Full Metal Jackit Vol. 2 Knuck If You Buck
2%
Baby Face Killa Kush Cloud
2%
F**kin wit Fred Kush & Leather
2%
ESGN Lay It Down
2%
Gangsta Island 2 Learn to Duck
2%
F**kin wit Fred Let Me Ride
2%
F**kin wit Fred Lets Cruise
2%
Big Bizness Vol. 3 Lex Ball Chillin'
2%
Str8 Killa No Filla Live by the Game
2%
Full Metal Jackit Living 2 Die
2%
ESGN Lose Control
2%
Full Metal Jackit Luv 2 Drink
2%
Live from Gary, Indiana 2 Mack Down
2%
Gangsta Island 2 Make a Million
2%
Baby Face Killa Middle of the Night
2%
Gangsta Island 2 Mike Vick
2%
Baby Face Killa Money, Clothes, Hoes
2%
Midwestgangstaboxframecadillacmuzik Murda On My Mind
2%
Str8 Killa No Filla My City
2%
Single My Dope House
2%
Full Metal Jackit Vol. 2 My Drunk Uncle
2%
Gangsta Island My Last Hour
2%
Baby Face Killa My N***a
2%
Str8 Killa No Filla National Anthem (F**k the World)
2%
Big Bizness Vol. 3 N***az Hidin'
2%
Full Metal Jackit Vol. 2 Never Can Say Goodbye
2%
The Miseducation of Freddie Gibbs Neverending Cycle
2%
Big Bizness Vol. 3 Never Forget Me
2%
This Is My Hustle No Beef
2%
This Is My Hustle No Games
2%
Gangsta Island 2 No N***a
2%
Str8 Slammin' 2 No Regrets
2%
Gangsta Island 2 On One
2%
Gangsta Island 2 On That Level
2%
Gangsta Island 2 Paradise
2%
Midwestgangstaboxframecadillacmuzik Playa
2%
F**kin wit Fred Playa of the Century
2%
This Is My Hustle Playing 4 Keeps
2%
Full Metal Jackit Vol. 2 Politickin
2%
Gangsta Island 2 P.S.A.
2%
Str8 Killa No Filla P.S.A. (Pussy So Amazin')
2%
This Is My Hustle Public Service Announcement
2%
Gangsta Island 2 Put They Hands Up
2%
Gangsta Island 2 Queen
2%
Full Metal Jackit Quick 2 Back Down Freestyle
2%
Full Metal Jackit Ready 4 War
2%
Live from Gary, Indiana Respect My G
2%
Full Metal Jackit Ride On Ya
2%
Str8 Killa No Filla Rock Bottom
2%
This Is My Hustle Say No to Drugs
2%
Live from Gary, Indiana Scary Gary
2%
Full Metal Jackit Set It Off
2%
Baby Face Killa Seventeen
2%
Str8 Killa No Filla Slangin' Rocks
2%
Midwestgangstaboxframecadillacmuzik Smoke Away the Pain
2%
Live from Gary, Indiana 2 Smoke the Pain Away
2%
Cold Day in Hell So Amazin' (P.S.A. Part 2)
2%
Gangsta Island 2 So High
2%
Full Metal Jackit Vol. 2 So Sexy (Remix)
2%
Big Bizness Vol. 2 Stay High
2%
Midwestgangstaboxframecadillacmuzik Still Standing
2%
Full Metal Jackit Vol. 2 Stomp wit It
2%
Live from Gary, Indiana Straight Ballin'
2%
The Miseducation of Freddie Gibbs Stray
2%
F**kin wit Fred Stripes (Run DMC)
2%
The Miseducation of Freddie Gibbs Summa Dis
2%
Live from Gary, Indiana 2 Sum of This
2%
F**kin wit Fred Sumthin New
2%
Midwestgangstaboxframecadillacmuzi Talkin' Bout You
2%
This Is My Hustle Talkin' Greasy
2%
Big Bizness Vol. 3 Tell Me Sum'n Good
2%
Live from Gary, Indiana 2 That N***a
2%
Full Metal Jackit Vol. 2 The Campaign
2%
Baby Face Killa The Diet
2%
Gangsta Island 2 | Str8 Killa No Filla The Ghetto
2%
Live from Gary, Indiana The Girls Love It
2%
F**kin wit Fred The M.O.B.
2%
Str8 Slammin' 2 The Nob
2%
ESGN The Real G Money
2%
F**kin wit Fred There They Go
2%
Live from Gary, Indiana Things You Do Today
2%
Big Bizness Vol. 2 Think of Me
2%
Gangsta Island 2 This My Lifestyle
2%
Full Metal Jackit Vol. 2 Throwback
2%
Gangsta Island 2 Triflin
2%
Single #8 TRUTH OR DARE
2%
Big Bizness Vol. 3 U Can Believe It
2%
Big Bizness Vol. 3 Walk Light
2%
Full Metal Jackit War on Wax
2%
Str8 Slammin' 2 Way 2 Fast
2%
Live from Gary, Indiana 2 What It Be Like
2%
Full Metal Jackit Whats Up
2%
Live from Gary, Indiana Wheelin' and Squealin' (Skit)
2%
Cold Day in Hell Where Have You Been?
2%
Full Metal Jackit Vol. 2 Who U Talkin To?
2%
Full Metal Jackit Woo!
2%
Big Bizness Vol. 2 Word on the Streets
2%
The Miseducation of Freddie Gibbs World So Cold (Freestyle #5)
2%
This Is My Hustle Yeah That's Me
2%
Gangsta Island 2 You Don't Know Bout Me
2%
Live from Gary, Indiana 2 Young'n on His Grind
2%
The Man with the Iron Fists Built for This
0%
Str8 Slammin' 3 Chill
0%
Str8 Slammin' 3 Come Come
0%
Str8 Slammin' 3 Do It for You
0%
Str8 Killa No Filla Dollar$ 4 Dope (Intro)
0%
Shadow of a Doubt Doubtless
0%
Str8 Slammin' 3 Executive Decision
0%
Cold Day in Hell Gotta Let Ya Nuts Hang
0%
Str8 Slammin' 3 Gotta See This
0%
Gangsta Island How the Gangsters Do It
0%
Str8 Slammin' 3 Illegal
0%
Str8 Slammin' 2 In the Projects
0%
Str8 Slammin' 3 Labor Day
0%
Str8 Slammin' 2 Nice As I Am
0%
Str8 Slammin' 3 Nicks 2 Bricks
0%
Str8 Slammin' 3 On the Corner
0%
Population Control | Str8 Slammin' 3 Play the Game
0%
Str8 Slammin' 2 Rainwash Something
0%
Str8 Slammin' 3 Rough
0%
Single #2 Show Sumn
0%
Str8 Slammin' 3 Sittin' Low
0%
Str8 Slammin' 3 U Know What to Do
0%
Str8 Slammin' 2 VCR
0%
Live from Gary, Indiana 2 We Does This
0%
Str8 Slammin' 2 Youz a Hoe
0%
No matching quizzes found
Score Distribution
Percent of People with Each Score
Percentile by Number Answered
Your Score History
You have not taken this quiz since the last reset